| 000 | 00864cam a2200265 a 4500 | ||
|---|---|---|---|
| 001 | 000014206 | ||
| 003 | DO-SdBNP | ||
| 005 | 20251027105503.0 | ||
| 008 | 790716s1978 ve b 001 0 spa | ||
| 040 |
_aDO-SdBNP _bspa _cDLC _dBNPHU |
||
| 049 | _aBNGR | ||
| 082 |
_a327.87 _bB672v |
||
| 100 | 1 |
_aBoersner, Demetrio _932090 |
|
| 245 | 1 | 0 |
_aVenezuela y el Caribe : _bpresencia cambiante / _cDemetrio Boersner. |
| 260 |
_aCaracas, Venezuela : _bMonte Ávila Editores, _c1978. |
||
| 300 |
_a142 p. ; _c18 cm. |
||
| 490 | 1 | _aDocumentos | |
| 504 | _aIncluye referencias bibliográficas (p. 141-142) | ||
| 651 | 4 |
_aVenezuela _xRelaciones Exteriores _zCaribe (Región) _932091 |
|
| 651 | 0 |
_aCaribe (Región) _xHistoria _987401 |
|
| 651 | 0 |
_aVenezuela _xHistoria _93660 |
|
| 830 | 0 |
_aDocumentos. _91047 |
|
| 910 | _aCatalogación por copia / LC | ||
| 942 |
_2ddc _cLBS1 |
||
| 999 |
_c13806 _d13806 |
||